Vyšla novela zákona o audítoroch a Slovenskej komore audítorov

Základná filozofia novely zákona SNR č. 73/1992 Zb. o audítoroch a Slovenskej komore audítoroch, schválená NR SR 20.6. 2000. Ťažiskové ciele predmetného zákona.

Saved in:
Bibliographic Details
Main Author: Ivaničová, Helena
Format: Book Chapter
Language:Slovak
Subjects:
Tags: Add Tag
No Tags, Be the first to tag this record!

MARC

LEADER 00000naa a2200000 4500
001 r039670
005 20231002072954.3
041 0 |a slo 
044 |a SK 
245 1 0 |a Vyšla novela zákona o audítoroch a Slovenskej komore audítorov  |c Helena Ivaničová 
520 |a Základná filozofia novely zákona SNR č. 73/1992 Zb. o audítoroch a Slovenskej komore audítoroch, schválená NR SR 20.6. 2000. Ťažiskové ciele predmetného zákona. 
610 2 0 |a audítori 
610 2 0 |a audítorstvo 
610 2 0 |a kontrola daňová 
610 2 0 |a účtovanie 
610 2 0 |a účtovníci 
610 2 0 |a zákony 
610 2 0 |a Slovensko 
100 1 |a Ivaničová, Helena